000 00936cam a2200277 i 4500
001 bg
003 KOSZ 005
005 20200507101102.0
008 980930s1998 pl |000 0 pol d
015 _aPB 1998/14259
020 _a8387558451
040 _aWA N
_cKOSZ 005/HR
_dKOSZ 005/HR
080 _a347.44(438)
100 1 _aWrzołek-Romańczuk, Małgorzata.
245 1 0 _aUmowa przedwstępna /
_cMałgorzata Wrzołek-Romańczuk.
260 _aWarszawa :
_bWydawnictwa Prawnicze PWN,
_c1998.
300 _a189, [3] s. ;
_c21 cm.
490 1 _aUmowy w Praktyce.
504 _aBibliogr. s. 187-[190].
650 4 _aUmowa przedwstępna
_zPolska.
655 4 _aTablice i wzory
710 2 _aWydawnictwa Prawnicze PWN
_4pbl.
830 0 _aUmowy w Praktyce.
856 _uhttp://koha.tu.koszalin.pl/cgi-bin/koha/opac-detail.pl?biblionumber=34551
_yKatalog online BPK
942 _2UKD
_cKS
999 _c34551
_d34551